000 00355nam a2200145Ia 4500
008 200103s9999||||xx |||||||||||||| ||und||
020 _a9780115517617
040 _aIMU-MPC
082 _aColumn-8
100 _aMSA
245 0 _aCertificate of Competency and Operator Licences in the Merchant Navy
260 _bHMSO
_c1995
300 _a24
942 _cBK
999 _c4102
_d4102